000 00513nam a2200205Ia 4500
003 0100
008 130303s9999 xx 000 0 und d
020 _a889463271
040 _cARRUPELIB
050 _aBT97.2.B371986
100 _aBasinger, David
245 _aPhilosophy and miracle
245 _bthe contemporary debate
260 _aLewiston
260 _bThe Edwin Mellen Press
260 _C1986
300 _a124 p.
700 _aDavid Basinger Randall Basinger , Basinger, Randall
942 0 0 _02
999 _c8767
_d8767